000 00653nam a2200217 a 4500
001 42793
003 BD-RjUL
005 20211209053607.0
008 160615s1953 nyu 001 0 eng u
035 _a(BD-RjUL)42911
040 _aACL
_beng
_cBD-RjUL
_dm.c
_dBD-RjUL
041 _aeng
082 _223
_a305.5234
_bVET 1953
100 1 _aVeblen, Thorstein.
_9131515
245 1 4 _aThe theory of the leisure class : an economic study of institutions /
_cby Thorstein Veblen.
260 _aNew York :
_bNew American Library,
_c1953.
300 _axix, 404 p. ;
_c20 cm.
504 _aIncludes index.
650 0 _aLeisure class
_9131516
942 _2ddc
_cBK
999 _c42793
_d42793